| 000 | 00852cam a22002893a 4500 | ||
|---|---|---|---|
| 001 | 5173 | ||
| 003 | PGUSA | ||
| 005 | 20140828083114.0 | ||
| 008 | 040201s2004||||xxu|||||s|||||000 | eng d | ||
| 040 |
_aPGUSA _beng |
||
| 042 | _adc | ||
| 050 | 4 | _aBQ | |
| 100 | 1 | _aNukariya, Kaiten | |
| 245 | 1 | 4 |
_aThe Religion of the Samurai : _bA Study of Zen Philosophy and Discipline in China and Japan _h[electronic resource] / _cKaiten Nukariya |
| 260 |
_bProject Gutenberg, _c2004 |
||
| 506 | _aPublic domain in the USA. | ||
| 516 | _aElectronic text | ||
| 653 | _aHuman beings -- Origin | ||
| 653 | _aBuddhism -- China | ||
| 653 | _aJapan -- Religion | ||
| 653 | _aChina -- Religion | ||
| 653 | _aZen Buddhism | ||
| 653 | _aBuddhism -- Japan | ||
| 830 | 0 |
_aProject Gutenberg _v5173 |
|
| 856 | 4 | 0 | _uhttp://www.gutenberg.org/ebooks/5173 |
| 942 | _cEB | ||
| 999 |
_c234502 _d234502 |
||